Online Catalogue and eLibrary

Social Aspects of Fertility: (Record no. 1413)

MARC details
000 -LEADER
fixed length control field 00550nam a2200205Ia 4500
005 - DATE AND TIME OF LATEST TRANSACTION
control field 20250127021417.0
008 - FIXED-LENGTH DATA ELEMENTS--GENERAL INFORMATION
fixed length control field 240331s9999 xx 000 0 und d
020 ## - INTERNATIONAL STANDARD BOOK NUMBER
ISBN 070691211X
082 ## - DDC Classification
Item Number - Author Mark CHA
DDC Edition Number 3562
Class No. 304.63
100 ## - MAIN ENTRY--PERSONAL NAME
Personal name Chaudhury, R. H
245 #0 - TITLE STATEMENT
Title Social Aspects of Fertility:
Remainder of title With Special Reference to Developing Countries
260 ## - PUBLICATION, DISTRIBUTION, ETC.
Place of publication, distribution, etc. New Delhi
Name of publisher, distributor, etc. Vikas Publishing House
Date of publication, distribution, etc. 1982
300 ## - PHYSICAL DESCRIPTION
Extent (e.g. Volumes, Pages etc.) xxvii, 220 p.,
650 ## - SUBJECT ADDED ENTRY--TOPICAL TERM
Topical term or geographic name entry element Social
650 ## - SUBJECT ADDED ENTRY--TOPICAL TERM
Topical term or geographic name entry element Development
650 ## - SUBJECT ADDED ENTRY--TOPICAL TERM
Topical term or geographic name entry element Children
650 ## - SUBJECT ADDED ENTRY--TOPICAL TERM
Topical term or geographic name entry element Ethnicity
650 ## - SUBJECT ADDED ENTRY--TOPICAL TERM
Topical term or geographic name entry element Women
942 ## - Koha item type (Biblio)
Koha item type Books in Stacks (Lending)
Holdings
Lost status Damaged status Collection code Home library Current library Shelving location Date acquired Full call number Accession Number Item type
    Lending WERC Library WERC Library Social Science Cupboard 03/31/2024 304.63 CHA 3562 Books in Stacks (Lending)

© WERC Library